000
00201nam a22000857a 4500
008
170117b xxu||||| |||| 00| 0 eng d
100
_9
2449
_a
Birumal
245
_a
Soccer Quiz
260
_a
New Delhi
_b
SET
_c
2009
999
_c
5501
_d
5501